00555nam a22001697a 450000500170000001000150001702000260003203500130005803700130007108200080008410000210009224500530011326000430016627001020020930000240031150000500033520140314124128.0 aENG-109462 c295.00a9789350353462 aEN-92995 bDBAD/PUB a323 aGupta, Raj Kumar00aEssentials of human rights /cby Raj Kumar Gupta aDelhibUniversal Law Publishing c2013 aC-FF-1A, Dilkhus Industrial Estate, (Near Azadpur Metro Station) G.T. Karnal Road,bDelhie110033 axv,171p.c24cm(pbk) aIncludes bibliographical references and index